00761cam a22002411 4500001001300000003000400013005001700017008004100034010001700075035001800092040001900110050002300129051001500152082001100167100003300178245005500211260005000266300006200316410004600378504002500424650005300449999001700502gs 60000006 DLC20260227111408.0721205s1958 xx 000 0 eng  ags 60000006  a(OCoLC)506690 aDLCcOAkUdDLC00aQE185b.A2 no. 301 aQE199b.B3 a557.181 aBaird, David McCurdy,d1920-10aFogo Island map-area, Newfoundlandb(2E/9, mainly) aOttawa,bE. Cloutier, Queen's Printer,c1958. a43 p.billus., fold. col. map (in pocket) tables.c25 cm.20aGeological Survey of Canada.tMemoirv301 aBibliography: p. 43. 0aGeologyzNewfoundland and LabradorzFogo Island. c29409d29409